Jurassic World Dominion Dinosaurs - Statistics

General Stats
  • This quiz has been taken 24 times
  • The average score is 18 of 34
Answer Stats
Answer % Correct
Tyrannosaurus Rex
94%
Velociraptor
83%
Allosaurus
72%
Triceratops
72%
Ankylosaurus
67%
Apatosaurus
67%
Brachiosaurus
67%
Dilophosaurus
67%
Giganotosaurus
67%
Atrociraptor
61%
Baryonyx
61%
Dimetrodon
61%
Carnotaurus
56%
Compsognathus
56%
Dimorphodon
56%
Parasaurolophus
56%
Therizinosaurus
56%
Dreadnoughtus
50%
Iguanodon
50%
Pteranodon
50%
Stegosaurus
50%
Gallimimus
44%
Lystrosaurus
44%
Moros Interepidus
44%
Mosasaurus
44%
Pyroraptor
44%
Quetzalcoatlus
44%
Oviraptor
39%
Sinoceratops
39%
Stygimoloch
39%
Giant Locust
33%
Microceratus
33%
Nasutoceratops
33%
Giant Lamprey
6%
No matching quizzes found
Score Distribution
Percent of People with Each Score
Percentile by Number Answered
Your Score History
You have not taken this quiz